Loading...
| Science - Other | 0 | 10 | 1 | 2 | 95 | 31 | 77.70 | 4 | 7 | 27.69 | 59.62 |
| Fine Arts - Other | 0 | 8 | 0 | 2 | 80 | 45 | 92.75 | 2 | 7 | 17.31 | 46.15 |
| Science - Physics | 0 | 8 | 2 | 2 | 70 | 32 | 63.25 | 6 | 7 | 29.15 | 52.88 |
| Social Science | 0 | 7 | 1 | 2 | 65 | 36 | 71.86 | 1 | 6 | 19.87 | 38.46 |
| Philosophy | 0 | 7 | 3 | 0 | 55 | 43 | 64.86 | 3 | 7 | 24.69 | 48.08 |
| Fine Arts - Painting and Sculpture | 0 | 6 | 1 | 2 | 55 | 34 | 75.83 | 2 | 3 | 18.40 | 30.77 |
| History - World | 0 | 3 | 0 | 1 | 30 | 56 | 79.00 | 1 | 2 | 9.27 | 17.31 |
| History - Other | 0 | 3 | 0 | 1 | 30 | 46 | 85.00 | 1 | 2 | 6.73 | 17.31 |
| History - European | 0 | 4 | 2 | 0 | 30 | 72 | 84.50 | 1 | 2 | 11.40 | 23.08 |
| Fine Arts - Classical Music | 0 | 5 | 5 | 0 | 25 | 25 | 62.60 | 3 | 5 | 18.76 | 31.73 |
| Religion | 0 | 5 | 5 | 0 | 25 | 52 | 72.80 | 2 | 5 | 13.61 | 32.69 |
| Science - Biology | 0 | 2 | 0 | 1 | 20 | 69 | 74.00 | 1 | 2 | 5.14 | 13.46 |
| Science - Chemistry | 0 | 2 | 0 | 0 | 20 | 65 | 74.50 | 1 | 2 | 5.58 | 11.54 |
| Literature - British | 0 | 2 | 0 | 0 | 20 | 48 | 66.50 | 1 | 2 | 8.20 | 14.42 |
| History - American | 0 | 2 | 1 | 0 | 15 | 64 | 65.50 | 0 | 1 | 7.42 | 9.62 |
| Literature - World | 0 | 1 | 0 | 0 | 10 | 129 | 129.00 | 0 | 1 | 0.00 | 4.81 |
| Literature - European | 0 | 1 | 0 | 0 | 10 | 27 | 27.00 | 1 | 1 | 6.22 | 7.69 |
| Literature - American | 0 | 1 | 0 | 0 | 10 | 46 | 46.00 | 0 | 1 | 5.33 | 5.77 |
| Other Academic | 0 | 0 | 1 | 0 | -5 | 0.00 | 0 | 0 | 0.00 | 0.00 | |
| Popular Culture | 0 | 0 | 1 | 0 | -5 | 0.00 | 0 | 0 | 0.00 | 0.00 |